Napló Í92. velünk történik mindez

Elmentve itt :
Bibliográfiai részletek
Szerző: SZÁSZ István
Adatforrás:Meister
Forrásdokumentuma:A Hét. -
2 sz., 1992, 12 p.
Nyelv:magyar
Kulcsszavak:politikai publicisztika
kisebbségi kérdés
LEADER 00371nab a2200133 i 4500
001 bibPRO00005210
008 060524s1992 xx hun
040 |a Sz1 
041 |a hun 
100 1 |a SZÁSZ István 
245 1 0 |a Napló Í92. velünk történik mindez  |c SZÁSZ István 
695 |a politikai publicisztika 
695 |a kisebbségi kérdés 
773 0 |t A Hét. -  |g 2 sz., 1992, 12 p.